Thailand's vanishing flora and fauna / (Record no. 18811)

000 -LEADER
fixed length control field 00511cam a2200193 a 4500
020 ## - INTERNATIONAL STANDARD BOOK NUMBER
ISBN 9748910563
040 ## - CATALOGING SOURCE
Transcribing agency DLC
082 00 - DEWEY DECIMAL CLASSIFICATION NUMBER
Classification number 578 FIN 1994 C155 Or.
100 1# - MAIN ENTRY--AUTHOR NAME
Personal name Graham, Mark.
245 10 - TITLE STATEMENT
Title Thailand's vanishing flora and fauna /
260 ## - PUBLICATION, DISTRIBUTION, ETC. (IMPRINT)
Place of publication Bangkok :
Name of publisher Finance One Pub. Co.,
Year of publication [1994?]
300 ## - PHYSICAL DESCRIPTION
Number of Pages 247 p. :
Other physical details col. ill., maps ;
Dimensions 31 cm.
650 #0 - SUBJECT ADDED ENTRY--TOPICAL TERM
Topical Term Botany
650 #0 - SUBJECT ADDED ENTRY--TOPICAL TERM
Topical Term Zoology
650 #0 - SUBJECT ADDED ENTRY--TOPICAL TERM
Topical Term Nature conservation
650 #0 - SUBJECT ADDED ENTRY--TOPICAL TERM
Topical Term Wildlife conservation
700 1# - ADDED ENTRY--PERSONAL NAME
Personal name Round, Philip D.
942 ## - ADDED ENTRY ELEMENTS (KOHA)
Koha item type ADB
952 ## - LOCATION AND ITEM INFORMATION (KOHA)
Withdrawn status [LOCAL, KOHA] 0
Holdings
Source of acquisition Permanent Location Date acquired Koha item type Lost status Shelving location Current Location Full call number
A39082Library Block C2020-01-27សៀវភៅភាសាអង់គ្លេស C155Library Block C578 FIN 1994 C155 Or.
មជ្ឈមណ្ឌលឯការនៃសាកលវិទ្យាល័យភូមិន្ទកសិកម្មចំការដូង

Powered by Koha